00667nam a2200193Ia 4500952014800000999001700148003000400165005001700169008004100186020001800227040000900245082002200254100003000276245005900306260003700365300000900402650001200411942005000423 00102ddc40708LITaMESbMEScENGd2019-02-20g750.00l1m2o820.900914 SAR/Ip36680r2024-03-27 11:49:32s2024-02-22w2019-02-20yBKzGR15R3 c14598d14598OSt20201030120323.0190216s9999||||xx |||||||||||||| ||und|| a9788172734824 coclc a820.900914bSAR/I a Sarangi, Jayadeep 96167 0aIndian Legendary Writers In English /cJaydeep Sarangi bAuthorspress,c2009.aNew Delhi: a298p aEnglish cBK2ddch820.900914iSAR/Ik820.900914mSAR/I